000 00488nam a2200193 a 4500
001 1759670242002
003 YourLibrary
005 20251007104618.0
008 251005s1993##################000#0#eng##
020 _a9780894645594
082 0 4 _a174.2
_bKOR
100 1 _aKoren, Gideon,
_eauthor.
245 1 0 _aTextbook of Ethics in Pediatric Research :
260 _c1993.
300 _a360 pages
650 0 _aMedical.
942 _cENGLISH
040 _aYourLibrary
_beng
_cYourLibrary
999 _c591101
_d591101